00511nam a2200145Ia 4500008004100000041000800041082001800049100001800067245003600085260003800121300003100159365000700190999001500197952015300212240624s9999 xx 000 0 und d aeng a332.63221 SEE aSEETHAPATHI K aEQUITY VALUATION AND ANALYSIS I c2003aHyderabadbICFAI University avii, : 180 : p. : cm. ; 23 cRS c2843d2843 00104070aIMTNbIMTNcRack 11-Ad2005-12-08eICFAIg300.00l1o332.63221 SEEp2843q2026-01-25r2026-01-15 14:38:22s2026-01-15t1w2024-06-24yBK